Normal view
MARC view
Entry Meeting Name
001 - CONTROL NUMBER
- control field: 247164
003 - CONTROL NUMBER IDENTIFIER
- control field: MY-SjTCS
005 - DATE AND TIME OF LATEST TRANSACTION
- control field: 20200306164203.0
008 - FIXED-LENGTH DATA ELEMENTS
- fixed length control field: 200306|| aca||aabn | a|a d
040 ## - CATALOGING SOURCE
- Original cataloging agency: MY-SjTCS
- Transcribing agency: MY-SjTCS
111 ## - HEADING--MEETING NAME
- Meeting name or jurisdiction name as entry element: Italian Conference on Theoretical Computer Science
- Number of part/section/meeting: (10th :
- Date of meeting or treaty signing: 2007 :
- Location of meeting: Rome, Italy)
670 ## - SOURCE DATA FOUND
- Source citation: Work cat.: (MY-SjTCS)48216: Italian Conference on Theoretical Computer Science (10th : 2007 : Rome, Italy), Proceedings of the 10th Italian Conference on Theoretical Computer Science, ICTS'07, c2007.